000 00449nam a2200181Ia 4500
001 14962
005 20260306164953.0
008 260306t2012||||xx |||||||||||||| ||spa||
041 _aESP
082 _a519.5
_bT69 P. 2 2012
100 _aToma Inafuko, Jorge
_eAUT
245 0 _aEstadĂ­stica aplicada:
_bsegunda parte
260 _c2012
300 _a495 páginas : P. 2
_c20 cm.
650 _aGEN
654 _aCMA
942 _cLIB
_dJUS
_fJUS
_2ddc
_n
999 _c14962
_d14962